000
00247nam a22001217a 4500
082
_a
824
_b
BHA/S
100
_a
BHATIA,M.P
245
_a
SELECTED ESSAYS
260
_a
AGRA
_b
M. I PUBLICATIONS
300
_a
192
650
_a
ESSAY
_z
INDIA
942
_c
BK
999
_c
3671
_d
3671